Credit Matters : Empirical Evidence on U.S. Macro-Financial Linkages /

This paper develops a framework for analyzing macro-financial linkages in the United States. We estimate the effects of a negative shock to banks' capital/assetratio on lending standards, which in turn affect consumer credit, mortgages, and corporate loans, and the corresponding components of p...

Celý popis

Podrobná bibliografie
Hlavní autor: Bayoumi, Tamim
Další autoři: Melander, Ola
Médium: Časopis
Jazyk:English
Vydáno: Washington, D.C. : International Monetary Fund, 2008.
Edice:IMF Working Papers; Working Paper ; No. 2008/169
On-line přístup:Full text available on IMF
LEADER 01909cas a2200253 a 4500
001 AALejournalIMF005137
008 230101c9999 xx r poo 0 0eng d
020 |c 5.00 USD 
020 |z 9781451870275 
022 |a 1018-5941 
040 |a BD-DhAAL  |c BD-DhAAL 
100 1 |a Bayoumi, Tamim. 
245 1 0 |a Credit Matters :   |b Empirical Evidence on U.S. Macro-Financial Linkages /  |c Tamim Bayoumi, Ola Melander. 
264 1 |a Washington, D.C. :  |b International Monetary Fund,  |c 2008. 
300 |a 1 online resource (27 pages) 
490 1 |a IMF Working Papers 
500 |a <strong>Off-Campus Access:</strong> No User ID or Password Required 
500 |a <strong>On-Campus Access:</strong> No User ID or Password Required 
506 |a Electronic access restricted to authorized BRAC University faculty, staff and students 
520 3 |a This paper develops a framework for analyzing macro-financial linkages in the United States. We estimate the effects of a negative shock to banks' capital/assetratio on lending standards, which in turn affect consumer credit, mortgages, and corporate loans, and the corresponding components of private spending (consumption, residential investment and business investment). In addition, our empirical model allows for feedback from spending and income to bank capital adequacy and credit. Hence, we trace the full credit cycle. An exogenous fall in the bank capital/asset ratio by one percentage point reduces real GDP by some 1 1\2 percent through its effects on credit availability, while an exogenous fall in demand of 1 percent of GDP is gradually magnified to around 2 percent through financial feedback effects. 
538 |a Mode of access: Internet 
700 1 |a Melander, Ola. 
830 0 |a IMF Working Papers; Working Paper ;  |v No. 2008/169 
856 4 0 |z Full text available on IMF  |u http://elibrary.imf.org/view/journals/001/2008/169/001.2008.issue-169-en.xml  |z IMF e-Library